International economic instruments and climate change.

Αποθηκεύτηκε σε:
Λεπτομέρειες βιβλιογραφικής εγγραφής
Συγγραφή απο Οργανισμό/Αρχή: Organisation for Economic Co-operation and Development
Μορφή: Βιβλίο
Γλώσσα:English
Δημοσίευση: Paris : Organisation for Economic Co-Operation and Development, 1993.
Θέματα:
Ετικέτες: Προσθήκη ετικέτας
Δεν υπάρχουν, Καταχωρήστε ετικέτα πρώτοι!

MARC

LEADER 00000cam a2200000 i 4500
001 1/1220
008 950707s1993 fr | ||| |||| ||eng||
020 |a 9264139370 
035 |l 10014359 
040 |a GR-MyUa  |b gre  |e AACR2 
041 0 |a eng 
082 7 |a 551.6   |2 (22) 
245 0 0 |a International economic instruments and climate change. 
260 |a Paris :   |b Organisation for Economic Co-Operation and Development,   |c 1993. 
300 |a 101 σ. :   |b εικ. ;   |c 23 εκ. 
650 0 0 |a Climatic changes  |x Economic aspects. 
710 2 |a Organisation for Economic Co-operation and Development. 
852 |a INST  |b LESVOS  |e 19950707  |h 551.6 INT  |p 005100007855  |q 005100007855  |t BK  |y 0